| 000 | 00634nam a2200217 a 4500 | ||
|---|---|---|---|
| 001 | 000021439 | ||
| 005 | 20200930011328.0 | ||
| 008 | 100907s1969 sp 000 f spa d | ||
| 040 |
_aDO-SdBNP _bspa _cBNPHU |
||
| 082 |
_a863.6 _bC392fam |
||
| 100 | 1 |
_aCela, Camilo José, _d1916-2002 _93188 |
|
| 245 | 1 | 3 |
_aLa familia de Pascual Duarte / _cCamilo José Cela. |
| 260 |
_aBarcelona : _bDestino, _c1969. |
||
| 300 |
_a186 [2] p. ; _c19 cm. |
||
| 490 | 1 |
_aÁncora y delfín _v63 |
|
| 650 | 4 |
_aNovela española _91123 |
|
| 650 | 4 |
_aLiteratura española _9632 |
|
| 830 | 0 |
_aÁncora y delfín ; _v63 _94704 |
|
| 910 | _aWM | ||
| 049 | _aBNGR | ||
| 999 |
_c20939 _d20939 |
||